000 00250nam a2200109Ia 4500
008 190216s9999||||xx |||||||||||||| ||und||
100 _aHrishikesh Chakraborty
245 0 _aAdvanced Accountancy
260 _bNull
_c1978
300 _a1601p
942 _cBK
999 _c4330
_d4330